Power system analysis /

Bibliographische Detailangaben
1. Verfasser: Grainger, John J.
Weitere Verfasser: Stevenson, William D.
Format: Buch
Sprache:English
Veröffentlicht: New York : McGraw-Hill, c1994.[reprinted 2008]
Schriftenreihe:McGraw-Hill series in electrical and computer engineering.
Schlagworte:
Classic Catalogue: View this record in Classic Catalogue
LEADER 02344nam/a2200385/a/4500
001 2052472
008 090330r20081994nyua 001 0 eng d
010 |a  93039219  
020 |a 0070612935 (acid-free paper) 
020 |a 9780070585157 
020 |a 0070585156 
040 |a DLC  |c DLC  |d DLC  |d DB-DhAAL 
082 0 0 |a 621.319  |2 20 
100 1 |a Grainger, John J. 
245 1 0 |a Power system analysis /  |c John J. Grainger, William D. Stevenson, Jr. 
260 |a New York :  |b McGraw-Hill,  |c c1994.[reprinted 2008] 
300 |a xix, 787 p. :  |b ill. ;  |c 24 cm. 
490 0 |a McGraw-Hill series in electrical and computer engineering.  |p Power and energy 
500 |a Based on: Elements of power system analysis, by William D. Stevenson. 
504 |a Includes index. 
541 1 |e 00019938 
650 0 |a Electric power distribution. 
650 0 |a Electric power systems. 
700 1 |a Stevenson, William D. 
700 1 |a Stevenson, William D.  |t Elements of power system analysis. 
852 4 |a Ayesha Abed Library   |j General Shelf 
942 0 0 |0 3 
999 |c 7751  |d 7751 
952 |0 0  |1 0  |2 ddc  |4 0  |6 621_319000000000000_GRA_2008  |7 0  |9 8548  |a BRACUL  |b BRACUL  |c GEN  |d 2010-03-10  |l 33  |m 269  |o 621.319 GRA  |p 3010019938  |r 2026-04-21  |s 2026-04-01  |t 1  |w 2010-03-10  |y BK 
952 |0 0  |1 0  |2 ddc  |4 0  |6 621_319000000000000_GRA_2008  |7 0  |9 8549  |a BRACUL  |b BRACUL  |c GEN  |d 2010-03-10  |l 21  |m 284  |o 621.319 GRA  |p 3010019939  |r 2026-02-01  |s 2025-10-22  |t 2  |w 2010-03-10  |y BK 
952 |0 0  |1 4  |2 ddc  |4 0  |6 621_319000000000000_GRA  |7 0  |9 8550  |a BRACUL  |b BRACUL  |c GEN  |d 2010-03-10  |l 0  |o 621.319 GRA  |p 3010018093  |r 2010-03-10  |t 3  |w 2010-03-10  |y BK  |x Koha Inventory 2020 
952 |0 0  |1 0  |2 ddc  |4 0  |6 621_319000000000000_GRA_2008  |7 0  |9 10881  |a BRACUL  |b BRACUL  |c GEN  |d 2010-06-10  |l 26  |m 304  |o 621.319 GRA  |p 3010018092  |r 2026-05-18  |s 2026-02-01  |t 4  |w 2010-06-10  |y BK 
952 |0 0  |1 4  |2 ddc  |4 0  |6 621_319000000000000_GRA  |7 0  |9 10997  |a BRACUL  |b BRACUL  |c GEN  |d 2010-06-15  |l 2  |m 10  |o 621.319 GRA  |p 3010018094  |r 2010-12-22  |s 2010-12-21  |t 5  |w 2010-06-15  |y BK  |x Koha Inventory 2020 
952 |0 0  |1 0  |2 ddc  |4 0  |6 621_319000000000000_GRA_2008  |7 0  |9 10998  |a BRACUL  |b BRACUL  |c GEN  |d 2010-06-15  |l 22  |m 242  |o 621.319 GRA  |p 3010018091  |q 2026-05-20  |r 2026-02-23  |s 2026-02-23  |t 6  |w 2010-06-15  |y BK 
952 |0 0  |1 0  |2 ddc  |4 0  |6 621_319000000000000_GRA_2008  |7 0  |9 10999  |a BRACUL  |b BRACUL  |c GEN  |d 2010-06-15  |l 26  |m 292  |o 621.319 GRA  |p 3010018095  |q 2026-06-02  |r 2026-02-05  |s 2026-02-05  |t 7  |w 2010-06-15  |y BK